Normal view
MARC view
- Deb, Kalyanmoy.
Entry Personal Name
001 - CONTROL NUMBER
- control field: 4181
003 - CONTROL NUMBER IDENTIFIER
- control field: OSt
005 - DATE AND TIME OF LATEST TRANSACTION
- control field: 20190528110110.0
008 - FIXED-LENGTH DATA ELEMENTS
- fixed length control field: 190528|| aca||aabn | a|a d
040 ## - CATALOGING SOURCE
- Original cataloging agency: OSt
- Transcribing agency: OSt
100 ## - HEADING--PERSONAL NAME
- Personal name: Deb, Kalyanmoy.
670 ## - SOURCE DATA FOUND
- Source citation: Work cat.: (OSt): Deb, Kalyanmoy., Multi - Objective Optimization Using Evolutionary Algorithms, 2018
